000 00290nam a2200109Ia 4500
008 200302s9999 xx 000 0 und d
100 _aDan L. Perlman and Others
245 _aPractical ecology for plannrs, developers, and citizens
260 _bIsland Press
260 _c2004
300 _a294
999 _c6284
_d6284